[Event "Est ch 2020 U12"]
[Site "?"]
[Date "2020.01.24"]
[Round "4.4"]
[White "Snitsarenko, Ilja"]
[Black "Dukov, Vladimir"]
[Result "1/2-1/2"]
[WhiteElo "1385"]
[BlackElo "1570"]
[PlyCount "67"]
[SourceVersionDate "2020.01.31"]

1. e4 e6 2. d4 d5 3. exd5 exd5 4. Nc3 Nf6 5. Nf3 Be7 6. Bd3 O-O 7. O-O c5 8.
dxc5 Bxc5 9. Re1 Bg4 10. h3 Bh5 11. Bg5 Nc6 12. a3 Nd4 13. Be2 Nxe2+ 14. Qxe2
Qd6 15. Bxf6 Qxf6 16. Qe5 Bxf3 17. Qxf6 gxf6 18. gxf3 Rad8 19. Rad1 d4 20. Ne4
Be7 21. Nd2 Bd6 22. Ne4 Be5 23. Nc5 b6 24. Nd3 Bd6 25. Re4 f5 26. Ree1 Kh8 27.
Ne5 Rg8+ 28. Kf1 Rg7 29. Rxd4 Bc7 30. Rxd8+ Bxd8 31. Nc6 Bf6 32. Re8+ Rg8 33.
Rxg8+ Kxg8 34. b3 1/2-1/2

[Event "Est ch 2020 U12"]
[Site "?"]
[Date "2020.01.24"]
[Round "4.5"]
[White "Karis, Fredi"]
[Black "Rõtshagov, Anton"]
[Result "0-1"]
[WhiteElo "1335"]
[BlackElo "1546"]
[PlyCount "62"]
[SourceVersionDate "2020.01.31"]

1. e4 c5 2. d4 cxd4 3. c3 dxc3 4. Nxc3 Nc6 5. Nf3 e6 6. Bc4 h6 7. O-O Nge7 8.
Nb5 Ng6 9. Re1 a6 10. Nd6+ Bxd6 11. Qxd6 Qe7 12. e5 b5 13. Bd3 O-O 14. Bxg6
fxg6 15. Be3 Qxd6 16. exd6 Bb7 17. Rac1 Rf7 18. h3 Raf8 19. a3 g5 20. Kh1 Rxf3
21. gxf3 Rxf3 22. Kh2 Ne5 23. Rc7 Bc6 24. Bxg5 Rxf2+ 25. Kg1 Rg2+ 26. Kf1 Rxg5
27. Ra7 Nc4 28. Rxa6 Nxd6 29. Rxc6 dxc6 30. Rxe6 Rd5 31. Ke2 Kf7 0-1

[Event "Est ch 2020 U12"]
[Site "?"]
[Date "2020.01.24"]
[Round "4.6"]
[White "Sizov, Lev"]
[Black "Pallum, Rasmus"]
[Result "0-1"]
[WhiteElo "1490"]
[BlackElo "1399"]
[PlyCount "49"]
[SourceVersionDate "2020.01.31"]

1. c4 e5 2. Nc3 Nf6 3. e4 Bb4 4. d3 O-O 5. Nge2 c6 6. Bg5 Be7 7. Bxf6 Bxf6 8.
g3 d6 9. Bg2 Be6 10. b3 Qd7 11. d4 exd4 12. Nxd4 c5 13. Nde2 Nc6 14. Rc1 Bh3
15. O-O Bxg2 16. Kxg2 Rfe8 17. f3 Rad8 18. Nd5 Bd4 19. Qd2 f5 20. Nxd4 Nxd4 21.
exf5 Re2+ 22. Qxe2 Nxe2 23. Rce1 Re8 24. f6 Kf7 25. Kf2 0-1

[Event "Est ch 2020 U12"]
[Site "?"]
[Date "2020.01.24"]
[Round "4.7"]
[White "East, Marek"]
[Black "Ott, Karl Eric"]
[Result "0-1"]
[WhiteElo "1429"]
[BlackElo "1380"]
[PlyCount "64"]
[SourceVersionDate "2020.01.31"]

1. e4 e5 2. Nf3 Nc6 3. Nc3 Nf6 4. d4 exd4 5. Nxd4 Bb4 6. Qd3 O-O 7. Be2 Re8 8.
f3 d5 9. Nxc6 bxc6 10. Bd2 Bxc3 11. Bxc3 Bb7 12. exd5 Nxd5 13. O-O-O Qg5+ 14.
Kb1 Nxc3+ 15. bxc3 Qxg2 16. Rhe1 Rab8 17. Ka1 g6 18. Bf1 Qxh2 19. Qd7 Rf8 20.
Re2 Qf4 21. Qh3 Qf6 22. f4 Qxf4 23. Rh2 h5 24. Be2 Rbd8 25. Rg1 Kg7 26. Bd3 Qf6
27. Bxg6 fxg6 28. Qxh5 Rh8 29. Qe2 Qxc3+ 30. Kb1 Qb4+ 31. Ka1 Qd4+ 32. Kb1
Qxg1+ 0-1

[Event "Est ch 2020 U12"]
[Site "?"]
[Date "2020.01.24"]
[Round "4.8"]
[White "Jarts, Nikita"]
[Black "Dudakov, Andrei"]
[Result "0-1"]
[WhiteElo "1082"]
[BlackElo "1485"]
[PlyCount "134"]
[SourceVersionDate "2020.01.31"]

1. d4 Nf6 2. c4 g6 3. e3 Bg7 4. Nc3 O-O 5. Nf3 d6 6. Bd3 Re8 7. O-O Nbd7 8. Qc2
e5 9. dxe5 dxe5 10. Nd2 Kh8 11. b3 Nc5 12. Be2 Kg8 13. Rd1 Qe7 14. Ba3 b6 15.
Bf3 Rb8 16. Nce4 Bf5 17. h3 Nfxe4 18. Nxe4 Kh8 19. Qe2 Qe6 20. Bxc5 Bxe4 21.
Bxe4 bxc5 22. Rd3 f5 23. Bd5 Qc8 24. Qd2 e4 25. Rc3 c6 26. Bf7 Re7 27. Rd1 Rxf7
28. Rc2 Rf8 29. Rcc1 Rd8 30. Qe1 Qc7 31. Rd2 Rxd2 32. Qxd2 Rd8 33. Qe2 Qd7 34.
g3 Qd2 35. Qf1 Qxa2 36. Rd1 Rxd1 37. Qxd1 Qa1 38. Qxa1 Bxa1 39. Kf1 Bc3 40. Ke2
Kg7 41. f3 exf3+ 42. Kxf3 Be5 43. g4 Kf6 44. gxf5 gxf5 45. e4 fxe4+ 46. Kxe4
Bc7 47. Kf3 Kg5 48. Kf2 Kh4 49. Ke3 Kxh3 50. Ke4 h5 51. Kf5 h4 52. Ke6 Kg2 53.
Kd7 Bb6 54. Kxc6 h3 55. Kb5 h2 56. b4 cxb4 57. c5 Bxc5 58. Kc4 h1=Q 59. Kb3
Qb1+ 60. Kc4 b3 61. Kb5 b2 62. Kxc5 Qc2+ 63. Kd5 b1=Q 64. Kd4 Qbd1+ 65. Ke3
Qce2+ 66. Kf4 Qd4+ 67. Kf5 Qeg4# 0-1

[Event "Est ch 2020 U12"]
[Site "?"]
[Date "2020.01.24"]
[Round "4.9"]
[White "Cherentsov, Mihhail"]
[Black "Gorkov, Kirill"]
[Result "0-1"]
[WhiteElo "1274"]
[BlackElo "1197"]
[PlyCount "100"]
[SourceVersionDate "2020.01.31"]

1. e4 c5 2. Nf3 Nc6 3. d4 cxd4 4. Nxd4 e6 5. Nc3 Nf6 6. Bf4 Bb4 7. Ndb5 Bxc3+
8. bxc3 e5 9. Qd6 Qe7 10. Nc7+ Kd8 11. Qxe7+ Kxe7 12. Nxa8 exf4 13. Nc7 Kd8 14.
Nd5 Nxe4 15. Nxf4 Nxc3 16. Bd3 Re8+ 17. Kd2 Ne4+ 18. Bxe4 Rxe4 19. Nd3 d6 20.
Rhe1 Rd4 21. c3 Rd5 22. f4 Bf5 23. Re3 Na5 24. Ke2 Nc4 25. Rg3 g6 26. Nb4 Rd2+
27. Ke1 a5 28. Rd1 Rxd1+ 29. Kxd1 axb4 30. cxb4 Kc7 31. Rc3 d5 32. h3 h5 33.
Ke2 Kb6 34. a3 Kb5 35. Kf3 Be6 36. g4 hxg4+ 37. hxg4 Ka4 38. Rd3 Nxa3 39. f5
gxf5 40. gxf5 Bxf5 41. Rxd5 Be6 42. Rd4 Nc2 43. Rf4 Nxb4 44. Ke3 Ka5 45. Kd2 b5
46. Rf1 Kb6 47. Rb1 Nc6 48. Kc3 b4+ 49. Kd2 Kb5 50. Kd3 Bf5+ 0-1

[Event "Est ch 2020 U12"]
[Site "?"]
[Date "2020.01.24"]
[Round "4.10"]
[White "Akulistõi, Andrei"]
[Black "Gasanbekov, Miroslav"]
[Result "0-1"]
[WhiteElo "1164"]
[BlackElo "1299"]
[PlyCount "98"]
[SourceVersionDate "2020.01.31"]

1. e4 c5 2. Nf3 Nc6 3. Bc4 e5 4. d3 Be7 5. O-O Nf6 6. Nc3 d6 7. Bb5 Bg4 8. h3
Bh5 9. Nd5 O-O 10. Nxf6+ Bxf6 11. g4 Bg6 12. b3 Bh4 13. g5 Bh5 14. Qe2 Bxg5 15.
Bxg5 Bxf3 16. Qxf3 Qxg5+ 17. Kh2 Nd4 18. Qg4 Qxg4 19. hxg4 Nxb5 20. c4 Nd4 21.
f4 f6 22. f5 g6 23. Rg1 Nf3+ 24. Kh3 Nxg1+ 25. Rxg1 Kf7 26. a4 Rg8 27. Rf1 Ke7
28. fxg6 hxg6 29. Kg3 Ke6 30. Kf3 Raf8 31. Ke3 f5 32. gxf5+ gxf5 33. exf5+ Rxf5
34. Rxf5 Kxf5 35. Kd2 Rg3 36. Kc2 e4 37. dxe4+ Kxe4 38. Kb2 d5 39. cxd5 Kxd5
40. Kc2 Kd4 41. Kb2 a6 42. Kc2 b5 43. axb5 axb5 44. Kb2 c4 45. bxc4 Kxc4 46.
Kc2 Rg2+ 47. Kb1 Kc3 48. Ka1 Kb3 49. Kb1 Rg1# 0-1

[Event "Est ch 2020 U12"]
[Site "?"]
[Date "2020.01.24"]
[Round "4.11"]
[White "Leito, Erik"]
[Black "Gridin, Maksim"]
[Result "1-0"]
[WhiteElo "1290"]
[BlackElo "1153"]
[PlyCount "57"]
[SourceVersionDate "2020.01.31"]

1. e4 c5 2. Nf3 Nc6 3. d4 cxd4 4. Nxd4 Qb6 5. Nxc6 bxc6 6. Nc3 e6 7. b3 Bc5 8.
Qf3 Nf6 9. Bd3 O-O 10. O-O Bb7 11. Bg5 Bd4 12. Be2 c5 13. Rad1 Bxc3 14. Qxc3
Nxe4 15. Qe3 Qc6 16. Bf3 d5 17. Bxe4 dxe4 18. Be7 Rfc8 19. Rd2 f6 20. Rfd1 Rc7
21. Bd6 Rcc8 22. f3 f5 23. Be5 exf3 24. Qg5 Kf8 25. Qxg7+ Ke8 26. Bf6 f2+ 27.
Rxf2 Qxg2+ 28. Rxg2 Bxg2 29. Qe7# 1-0

[Event "Est ch 2020 U12"]
[Site "?"]
[Date "2020.01.24"]
[Round "4.12"]
[White "Blohhin, Georg"]
[Black "Lehes, Ott Oskar"]
[Result "0-1"]
[WhiteElo "1133"]
[BlackElo "1269"]
[PlyCount "62"]
[SourceVersionDate "2020.01.31"]

1. e4 c6 2. d4 d5 3. exd5 cxd5 4. Nc3 Nf6 5. Nf3 Bg4 6. Be2 e6 7. O-O Nc6 8.
Bb5 Bd6 9. h3 Bh5 10. Be2 O-O 11. Ng5 Bxe2 12. Qxe2 Nxd4 13. Qd3 Nc6 14. h4 Qc7
15. Nf3 Nb4 16. Qd2 Ng4 17. g3 Nc6 18. Nb5 Qd7 19. Nxd6 Qxd6 20. Ng5 Nf6 21. b3
Qe5 22. Ba3 Rfd8 23. Qc1 h6 24. Bb2 Qf5 25. Bxf6 Qxf6 26. Nh3 Ne5 27. Nf4 Rac8
28. Nh5 Qf5 29. Qd1 Rxc2 30. Nf4 Rdc8 31. Qd4 Nf3+ 0-1

[Event "Est ch 2020 U12"]
[Site "?"]
[Date "2020.01.24"]
[Round "4.13"]
[White "Lain, Sander"]
[Black "Kompus, Karl Erik"]
[Result "0-1"]
[WhiteElo "1240"]
[BlackElo "1128"]
[PlyCount "74"]
[SourceVersionDate "2020.01.31"]

1. e4 e5 2. Bc4 Nf6 3. Nc3 Nc6 4. Nf3 Bb4 5. d3 d5 6. O-O dxc4 7. dxc4 Bxc3 8.
Qxd8+ Nxd8 9. bxc3 O-O 10. Ba3 Re8 11. Rfe1 Nc6 12. Rad1 Bg4 13. Rd3 Bxf3 14.
Rxf3 Na5 15. c5 Nc4 16. Bb4 Nd2 17. Rfe3 Rad8 18. f3 Nc4 19. R3e2 Rd2 20. Rxd2
Nxd2 21. Rd1 Rd8 22. Kh1 b6 23. cxb6 axb6 24. c4 c5 25. Rxd2 Rxd2 26. Bxd2 h6
27. h3 Nh5 28. Kh2 Nf4 29. Bc3 f6 30. Bd2 Ne2 31. c3 g5 32. g3 Kg7 33. Kg2 Kg6
34. Kf2 Nxg3 35. Kxg3 f5 36. a4 f4+ 37. Kg4 h5# 0-1

[Event "Est ch 2020 U12"]
[Site "?"]
[Date "2020.01.24"]
[Round "4.14"]
[White "Sai, Oskar"]
[Black "Aleksejev, Artjom"]
[Result "1-0"]
[WhiteElo "1015"]
[BlackElo "1407"]
[PlyCount "93"]
[SourceVersionDate "2020.01.31"]

1. e4 e5 2. Nf3 Nc6 3. Bb5 Nd4 4. Ba4 b5 5. Nxd4 bxa4 6. Nf3 d6 7. Nc3 Bd7 8.
O-O g6 9. d4 exd4 10. Nxd4 Bg7 11. Nf3 Nf6 12. Bg5 Bg4 13. h3 Bxf3 14. Qxf3 O-O
15. Nd5 c6 16. Nxf6+ Bxf6 17. Bxf6 Qd7 18. Rad1 Qe6 19. Bc3 Rfe8 20. Rfe1 a5
21. e5 d5 22. Qf6 c5 23. Qxe6 Rxe6 24. Bd2 Rb6 25. b3 a3 26. Be3 d4 27. Bf4 a4
28. Kh2 axb3 29. cxb3 Rc8 30. Bc1 Ra6 31. Bd2 c4 32. bxc4 Rxc4 33. Rc1 Rac6 34.
Rxc4 Rxc4 35. Rc1 Rxc1 36. Bxc1 d3 37. Bd2 Kf8 38. Kg3 Ke7 39. f4 Ke6 40. Kf3
Kd5 41. Ke3 Kc4 42. Ke4 h5 43. g4 hxg4 44. hxg4 Kc5 45. Kxd3 f6 46. exf6 g5 47.
f7 1-0

[Event "Est ch 2020 U12"]
[Site "?"]
[Date "2020.01.24"]
[Round "4.15"]
[White "Lillend, Fredi"]
[Black "Hajanen, Oliver"]
[Result "1-0"]
[WhiteElo "1106"]
[BlackElo "1173"]
[PlyCount "77"]
[SourceVersionDate "2020.01.31"]

1. d4 d5 2. c4 e6 3. Nc3 Nf6 4. Bg5 Be7 5. e3 O-O 6. Nf3 b6 7. cxd5 exd5 8. Bd3
Bb7 9. Bc2 Nbd7 10. Qd3 c5 11. Ne5 g6 12. Bh6 Re8 13. Ba4 a6 14. Nc6 Bxc6 15.
Bxc6 Ra7 16. Bxd5 Nb8 17. Bb3 cxd4 18. Ne2 Bb4+ 19. Kf1 dxe3 20. Qxd8 Rxd8 21.
Bxe3 Re7 22. Bxb6 Rde8 23. Nc3 Ne4 24. Nxe4 Rxe4 25. Be3 Nc6 26. Bd5 R4e6 27.
Bxe6 Rxe6 28. a3 Be7 29. g3 Kg7 30. Kg2 Kf6 31. h4 Kf5 32. Bg5 Bf8 33. Rhe1 Rd6
34. Rad1 Nd4 35. Be7 Bxe7 36. Rxe7 Kf6 37. Re4 Nb5 38. Rxd6+ Nxd6 39. Ra4 1-0

[Event "Est ch 2020 U12"]
[Site "?"]
[Date "2020.01.24"]
[Round "4.16"]
[White "Kaletin, Artjom"]
[Black "Tsõganov, Jaroslav"]
[Result "1/2-1/2"]
[WhiteElo "1101"]
[BlackElo "1046"]
[PlyCount "51"]
[SourceVersionDate "2020.01.31"]

1. e4 c5 2. Nf3 e6 3. c4 d6 4. Nc3 Nc6 5. d3 b6 6. Be2 Nd4 7. h3 Nxe2 8. Qxe2
Bb7 9. Be3 Be7 10. O-O Nf6 11. Nb1 O-O 12. Nbd2 d5 13. cxd5 exd5 14. exd5 Nxd5
15. b3 Nxe3 16. fxe3 Ba6 17. Ne5 Qd6 18. Nec4 Bxc4 19. bxc4 Bf6 20. Ne4 Qe5 21.
Nxf6+ gxf6 22. Rae1 Rae8 23. Qg4+ Qg5 24. Rxf6 Qxg4 25. hxg4 Kg7 26. Ref1
1/2-1/2

[Event "Est ch 2020 U12"]
[Site "?"]
[Date "2020.01.25"]
[Round "5.1"]
[White "Pomaznjov, Aleksei"]
[Black "Mertins, Ostap"]
[Result "1/2-1/2"]
[WhiteElo "1435"]
[BlackElo "1561"]
[PlyCount "33"]
[SourceVersionDate "2020.01.31"]

1. e4 c5 2. Nf3 d6 3. d4 cxd4 4. Nxd4 Nf6 5. Nc3 a6 6. Bc4 e6 7. O-O Be7 8. Qf3
Nbd7 9. Bb3 Ne5 10. Qg3 O-O 11. f4 Ng6 12. f5 exf5 13. Nxf5 Bxf5 14. exf5 Ne5
15. Nd5 Neg4 16. Nxe7+ Qxe7 17. Bf4 1/2-1/2

[Event "Est ch 2020 U12"]
[Site "?"]
[Date "2020.01.25"]
[Round "5.2"]
[White "Pallum, Rasmus"]
[Black "Köösel, Hans-Georg"]
[Result "1/2-1/2"]
[WhiteElo "1399"]
[BlackElo "1580"]
[PlyCount "111"]
[SourceVersionDate "2020.01.31"]

1. d4 d5 2. Bf4 Bf5 3. e3 Nf6 4. h3 e6 5. Nf3 Be7 6. Be2 Nbd7 7. Nbd2 O-O 8.
O-O Rc8 9. c3 c5 10. Rc1 Ne4 11. Ne5 f6 12. Nxd7 Qxd7 13. Nxe4 Bxe4 14. Bf3
Bxf3 15. Qxf3 Bd6 16. dxc5 Bxf4 17. Qxf4 Rxc5 18. Rfd1 Qc6 19. Qd4 a6 20. Re1
Rc8 21. e4 dxe4 22. Qxe4 Re5 23. Qxc6 Rxe1+ 24. Rxe1 Rxc6 25. f4 Kf7 26. Kf2
Rb6 27. b3 Rc6 28. Re3 Rc5 29. g4 g6 30. Rd3 Ke7 31. Ke3 b6 32. Ke4 h6 33. a3
a5 34. a4 h5 35. Kf3 hxg4+ 36. hxg4 g5 37. fxg5 Rxg5 38. Rd1 f5 39. gxf5 Rxf5+
40. Ke4 Rh5 41. Rd3 Rh1 42. Ke5 Rf1 43. Rh3 Re1+ 44. Kf4 Kd6 45. Rd3+ Ke7 46.
Rh3 Rf1+ 47. Ke5 Rf5+ 48. Ke4 Kd6 49. Rh8 b5 50. Rd8+ Ke7 51. Rd4 Rc5 52. b4
Rxc3 53. bxa5 bxa4 54. Rxa4 Rc7 55. a6 Ra7 56. Ke5 1/2-1/2

[Event "Est ch 2020 U12"]
[Site "?"]
[Date "2020.01.25"]
[Round "5.3"]
[White "Rõtshagov, Anton"]
[Black "Ott, Karl Eric"]
[Result "1-0"]
[WhiteElo "1546"]
[BlackElo "1380"]
[PlyCount "83"]
[SourceVersionDate "2020.01.31"]

1. e4 e5 2. Nf3 Nc6 3. d4 exd4 4. Nxd4 Bb4+ 5. c3 Bc5 6. Be3 Bb6 7. Nf5 Bxe3 8.
Nxe3 Nf6 9. f3 O-O 10. Be2 d6 11. O-O Be6 12. c4 Ne5 13. Nc3 c5 14. Ncd5 Bxd5
15. Nxd5 Nxd5 16. Qxd5 Qb6 17. Rfe1 Rfd8 18. b3 Nc6 19. Rad1 Nb4 20. Qd2 Qa6
21. Ra1 Nc6 22. Qd5 Nd4 23. Bd3 Re8 24. e5 dxe5 25. Rxe5 Qf6 26. Rae1 Rxe5 27.
Rxe5 Nc6 28. Rf5 Qe7 29. Qxc5 Qe1+ 30. Bf1 Rc8 31. Qf2 Qe6 32. Rd5 b6 33. Qe2
Qf6 34. Qd2 g6 35. Rd6 Qf5 36. Rd5 Qf6 37. c5 b5 38. Bxb5 a5 39. Bxc6 Qxc6 40.
Rd8+ Rxd8 41. Qxd8+ Kg7 42. Qxa5 1-0

[Event "Est ch 2020 U12"]
[Site "?"]
[Date "2020.01.25"]
[Round "5.4"]
[White "Rajandu, Aaron"]
[Black "Õim, Mikk Kaarel"]
[Result "0-1"]
[WhiteElo "1266"]
[BlackElo "1428"]
[PlyCount "50"]
[SourceVersionDate "2020.01.31"]

1. d4 Nf6 2. c4 e6 3. Nc3 Bb4 4. Bd2 d5 5. e3 O-O 6. Nf3 b6 7. a3 Bxc3 8. Bxc3
Bb7 9. Be2 dxc4 10. Bxc4 Nbd7 11. O-O c5 12. Ng5 h6 13. Bxe6 hxg5 14. Bxd7 Qxd7
15. dxc5 Qxd1 16. Raxd1 bxc5 17. Bxf6 gxf6 18. h3 Rfd8 19. Rc1 Rac8 20. f4 Rd2
21. Rf2 Rcd8 22. Rc2 Rxf2 23. Rxf2 Be4 24. Kf1 Rd3 25. Ke2 Rb3 0-1

[Event "Est ch 2020 U12"]
[Site "?"]
[Date "2020.01.25"]
[Round "5.5"]
[White "Dukov, Vladimir"]
[Black "Dudakov, Andrei"]
[Result "0-1"]
[WhiteElo "1570"]
[BlackElo "1485"]
[PlyCount "60"]
[SourceVersionDate "2020.01.31"]

1. e4 c5 2. Nf3 d6 3. d4 cxd4 4. Nxd4 Nf6 5. Nc3 a6 6. Bd3 e6 7. O-O Be7 8. Kh1
b5 9. a3 Bb7 10. f3 Qc7 11. Qe2 Nc6 12. Nxc6 Bxc6 13. f4 Qb7 14. Rf2 O-O 15.
Rf3 Nd7 16. Rg3 Rfe8 17. e5 g6 18. Bd2 Qc7 19. Re1 Bh4 20. Rh3 Bxe1 21. Bxe1
dxe5 22. fxe5 Qxe5 23. Ne4 Bxe4 24. Bc3 Bxd3 25. Qxd3 Qf5 26. Qd1 Rad8 27. Rf3
Ne5 28. Qxd8 Rxd8 29. Rxf5 Rd1+ 30. Rf1 Rxf1# 0-1

[Event "Est ch 2020 U12"]
[Site "?"]
[Date "2020.01.25"]
[Round "5.6"]
[White "Gorkov, Kirill"]
[Black "Snitsarenko, Ilja"]
[Result "1/2-1/2"]
[WhiteElo "1197"]
[BlackElo "1385"]
[PlyCount "109"]
[SourceVersionDate "2020.01.31"]

1. e4 c5 2. Nf3 e6 3. d4 cxd4 4. Nxd4 a6 5. Nc3 Nc6 6. Nxc6 bxc6 7. Bd3 d5 8.
O-O Nf6 9. Re1 Bb4 10. a3 Ba5 11. b4 Bb6 12. Qf3 Bd4 13. Bb2 e5 14. Rab1 Bxc3
15. Bxc3 d4 16. Bb2 O-O 17. h3 a5 18. c3 dxc3 19. Bxc3 axb4 20. Bxb4 Re8 21.
Rbd1 Qb6 22. Rc1 Bb7 23. Qe3 Qc7 24. Red1 Red8 25. Qc5 Rd4 26. f3 h6 27. Qe7
Qxe7 28. Bxe7 Re8 29. Bb4 Red8 30. Bc2 Nh5 31. Bc3 Rxd1+ 32. Rxd1 Rxd1+ 33.
Bxd1 f6 34. Bd2 Nf4 35. Bxf4 exf4 36. Kf2 Ba6 37. Be2 Bb5 38. Bxb5 cxb5 39. Ke2
Kf7 40. Kd3 Ke6 41. Kd4 Kd6 42. Kc3 Kc5 43. Kb3 Kb6 44. Kb4 g5 45. Kc3 Kc5 46.
Kb3 Kc6 47. Kb4 Kb6 48. Kc3 h5 49. Kb4 Kc6 50. Kc3 Kc5 51. Kb3 g4 52. hxg4 hxg4
53. Kc3 g3 54. Kd3 b4 55. axb4+ 1/2-1/2

[Event "Est ch 2020 U12"]
[Site "?"]
[Date "2020.01.25"]
[Round "5.7"]
[White "Lehes, Ott Oskar"]
[Black "Sizov, Lev"]
[Result "0-1"]
[WhiteElo "1269"]
[BlackElo "1490"]
[PlyCount "54"]
[SourceVersionDate "2020.01.31"]

1. Nf3 d5 2. d4 Nf6 3. e3 Bg4 4. Bd3 c5 5. b3 Nc6 6. Bb2 e6 7. Nbd2 Be7 8. O-O
O-O 9. c4 dxc4 10. bxc4 Qc7 11. h3 Bxf3 12. Qxf3 Rfd8 13. Nb3 a5 14. a4 Qb6 15.
Bc2 cxd4 16. exd4 Rac8 17. Rfd1 Nb4 18. c5 Qc7 19. Qc3 Nfd5 20. Qd2 b6 21. Bd3
bxc5 22. Rdc1 Nxd3 23. Qxd3 c4 24. Qd2 Qf4 25. Qc2 Nb4 26. Qc3 Nd3 27. Rc2 Bb4
0-1

[Event "Est ch 2020 U12"]
[Site "?"]
[Date "2020.01.25"]
[Round "5.8"]
[White "Kompus, Karl Erik"]
[Black "East, Marek"]
[Result "0-1"]
[WhiteElo "1128"]
[BlackElo "1429"]
[PlyCount "100"]
[SourceVersionDate "2020.01.31"]

1. e4 e5 2. Nf3 Nc6 3. Nc3 Nf6 4. Bb5 Bc5 5. Nxe5 Bxf2+ 6. Kxf2 Nxe5 7. d4
Neg4+ 8. Kg1 h5 9. e5 Ng8 10. h3 N4h6 11. Qxh5 a6 12. Bd3 d6 13. Bg5 Ne7 14.
Nd5 dxe5 15. Bc4 c6 16. Nxe7 Qxd4+ 17. Kh2 Qxc4 18. Rad1 Ng4+ 19. hxg4 Rxh5+
20. gxh5 f6 21. Bxf6 gxf6 22. h6 Kxe7 23. h7 Bg4 24. Rc1 Qf4+ 25. Kg1 Qxc1+ 26.
Kh2 Qxh1+ 27. Kxh1 e4 28. Kh2 e3 29. Kg3 c5 30. c4 e2 31. Kf2 Be6 32. Kxe2
Bxc4+ 33. Kd2 Bxa2 34. Kc2 Rh8 35. g4 Rxh7 36. g5 fxg5 37. Kd2 Rh3 38. Ke2 a5
39. b4 Ke6 40. bxa5 Ke5 41. Kf2 Ke4 42. Kg2 Rb3 43. Kf2 c4 44. Kg2 Kf4 45. Kh2
Kg4 46. Kg2 Rb2+ 47. Kf1 Kf3 48. Ke1 Ke3 49. Kd1 Kd3 50. Kc1 Rb1# 0-1

[Event "Est ch 2020 U12"]
[Site "?"]
[Date "2020.01.25"]
[Round "5.9"]
[White "Kaldmaa, Janis"]
[Black "Sai, Oskar"]
[Result "1-0"]
[WhiteElo "1400"]
[BlackElo "1015"]
[PlyCount "51"]
[SourceVersionDate "2020.01.31"]

1. e4 c5 2. Nf3 Nc6 3. c3 Nf6 4. e5 Ng4 5. d4 Qa5 6. h3 Nh6 7. Bxh6 gxh6 8. d5
Nb8 9. Nbd2 Qb6 10. Nc4 Qc7 11. a4 Bg7 12. Bd3 O-O 13. Qc2 d6 14. Bxh7+ Kh8 15.
exd6 exd6 16. O-O-O f5 17. Bg6 Qe7 18. h4 Nd7 19. Bxf5 Nb6 20. Bxc8 Nxc8 21.
Rde1 Qf7 22. Ng5 Qf4+ 23. Kb1 hxg5 24. hxg5+ Kg8 25. Qh7+ Kf7 26. g6+ 1-0

[Event "Est ch 2020 U12"]
[Site "?"]
[Date "2020.01.25"]
[Round "5.10"]
[White "Gasanbekov, Miroslav"]
[Black "Leito, Erik"]
[Result "0-1"]
[WhiteElo "1299"]
[BlackElo "1290"]
[PlyCount "98"]
[SourceVersionDate "2020.01.31"]

1. Nf3 d5 2. d4 Nc6 3. c4 Nf6 4. Nc3 Bg4 5. h3 Bxf3 6. exf3 e6 7. Be3 Bb4 8. a3
Bxc3+ 9. bxc3 e5 10. Bg5 exd4 11. cxd5 Qxd5 12. Bxf6 gxf6 13. Be2 O-O-O 14. Rc1
Rhe8 15. O-O d3 16. c4 Qd4 17. Bxd3 Qxd3 18. Qxd3 Rxd3 19. Rfe1 Rxe1+ 20. Rxe1
b6 21. Re8+ Rd8 22. Re4 Rd1+ 23. Kh2 Ra1 24. Rf4 Rxa3 25. Rxf6 Ne5 26. Rf5 Nxc4
27. Rxf7 b5 28. Rxh7 b4 29. f4 b3 30. f5 b2 31. f6 Ne5 32. f7 Nxf7 33. Rxf7
b1=Q 34. Rf8+ Kb7 35. h4 Qh7 36. Rf4 c5 37. g3 Kb6 38. Rf6+ Kb5 39. Rf4 c4 40.
Kg2 c3 41. g4 Qxh4 42. Rf5+ Kc6 43. Rf4 Kd5 44. Rf3 Qxg4+ 45. Rg3 Qxg3+ 46.
fxg3 c2 47. g4 c1=Q 48. Kf2 Qc2+ 49. Ke1 Ra1# 0-1

[Event "Est ch 2020 U12"]
[Site "?"]
[Date "2020.01.25"]
[Round "5.12"]
[White "Jarts, Nikita"]
[Black "Lillend, Fredi"]
[Result "1-0"]
[WhiteElo "1082"]
[BlackElo "1106"]
[PlyCount "67"]
[SourceVersionDate "2020.01.31"]

1. d4 d5 2. c4 e6 3. Nc3 Nf6 4. Nf3 Bd6 5. e3 b6 6. Qa4+ Qd7 7. Qb3 Bb7 8. Bd3
c5 9. O-O dxc4 10. Bxc4 Bxf3 11. gxf3 Bc7 12. Bb5 Nc6 13. Qa4 O-O 14. Bxc6 Qd6
15. f4 Rab8 16. Bg2 g5 17. Nb5 Qd7 18. fxg5 Ng4 19. f4 cxd4 20. exd4 f6 21. Bf3
fxg5 22. Bxg4 Bxf4 23. Qb3 Rbe8 24. Bxf4 gxf4 25. d5 Qg7 26. h3 a6 27. Nc3 Qd4+
28. Rf2 Qg7 29. d6 h5 30. Rg2 Qd4+ 31. Kh1 hxg4 32. Rxg4+ Kh8 33. Rag1 Qxd6 34.
Rh4# 1-0

[Event "Est ch 2020 U12"]
[Site "?"]
[Date "2020.01.25"]
[Round "5.13"]
[White "Gridin, Maksim"]
[Black "Lain, Sander"]
[Result "0-1"]
[WhiteElo "1153"]
[BlackElo "1240"]
[PlyCount "138"]
[SourceVersionDate "2020.01.31"]

1. c4 e5 2. Nc3 Nc6 3. Nf3 Bc5 4. e3 Nf6 5. d4 exd4 6. exd4 Bb4 7. Be2 O-O 8.
O-O d6 9. Be3 Bxc3 10. bxc3 Ne4 11. Qc2 Nf6 12. Rab1 Ne7 13. Bd3 Ng6 14. h3 c6
15. Bg5 h6 16. Be3 d5 17. c5 Re8 18. Bxg6 fxg6 19. Qxg6 Qe7 20. Bxh6 Qf7 21.
Qxf7+ Kxf7 22. Be3 Bf5 23. Rxb7+ Kg8 24. Ne5 Rec8 25. g4 Bh7 26. Bg5 Ne4 27.
Be3 Nxc3 28. a3 Ne4 29. f3 Nf6 30. g5 Rab8 31. Rxb8 Rxb8 32. gxf6 Rb3 33. Bc1
gxf6 34. Nxc6 Rd3 35. Ne7+ Kf7 36. Nxd5 Rxd4 37. Nb4 Rc4 38. c6 a5 39. Nd3 Bxd3
40. Rd1 Rxc6 41. Rxd3 Rxc1+ 42. Kg2 Rc4 43. Kg3 Kg6 44. Re3 Ra4 45. Rd3 Kg5 46.
Rd5+ f5 47. Rd3 f4+ 48. Kg2 Kh4 49. Rc3 Rd4 50. Rc2 Rd5 51. Rc4 Rd2+ 52. Kf1
Kg3 53. h4 Kxf3 54. Ke1 Re2+ 55. Kf1 Ra2 56. Rc3+ Kg4 57. Kg1 Kxh4 58. Kf1 Kg4
59. Ke1 f3 60. Rb3 Kg3 61. a4 Kg2 62. Rxf3 Kxf3 63. Kd1 Rh2 64. Ke1 Ke3 65. Kd1
Rg2 66. Kc1 Kd3 67. Kb1 Kc3 68. Ka1 Kb3 69. Kb1 Rg1# 0-1

[Event "Est ch 2020 U12"]
[Site "?"]
[Date "2020.01.25"]
[Round "5.14"]
[White "Blohhin, Georg"]
[Black "Akulistõi, Andrei"]
[Result "1-0"]
[WhiteElo "1133"]
[BlackElo "1164"]
[PlyCount "125"]
[SourceVersionDate "2020.01.31"]

1. e4 e5 2. Nf3 Nc6 3. d4 exd4 4. Nxd4 Nxd4 5. Qxd4 d6 6. Bc4 c5 7. Qd2 b6 8.
Qf4 Qf6 9. Qd2 a6 10. O-O Qd8 11. Rd1 Qc7 12. Nc3 Bb7 13. Nd5 Bxd5 14. Qxd5 Ra7
15. Bf4 Nf6 16. Qd3 b5 17. Bd5 Be7 18. Qg3 O-O 19. Bh6 Ne8 20. c4 b4 21. Bf4
Bf6 22. Rab1 Qb6 23. Bg5 a5 24. h4 h6 25. Bxh6 Be5 26. Bf4 Bxf4 27. Qxf4 Nf6
28. Kf1 Nh5 29. Qf5 g6 30. Bxf7+ Raxf7 31. Qxg6+ Ng7 32. Rxd6 Rxf2+ 33. Kg1 Qc7
34. Rbd1 R2f7 35. h5 Kh8 36. h6 Ne8 37. R6d5 Rg8 38. Qh5 Nf6 39. Qf5 Nxd5 40.
Qxd5 Rd7 41. Qxd7 Qg3 42. Qd2 Rg6 43. b3 Rg5 44. Rf1 Qg4 45. Rf8+ Rg8 46. Qb2+
Kh7 47. Rf7+ Kxh6 48. Qf6+ Rg6 49. Qh8+ Kg5 50. Rf5+ Qxf5 51. exf5 Kxf5 52.
Qc8+ Ke4 53. Qxc5 Rf6 54. Qe7+ Kf5 55. c5 Re6 56. Qd7 Ke5 57. c6 Rd6 58. g3 Kd5
59. g4 Kc5 60. g5 Rxc6 61. Qxc6+ Kxc6 62. g6 Kd6 63. g7 1-0

[Event "Est ch 2020 U12"]
[Site "?"]
[Date "2020.01.25"]
[Round "5.15"]
[White "Aleksejev, Artjom"]
[Black "Kaletin, Artjom"]
[Result "1-0"]
[WhiteElo "1407"]
[BlackElo "1101"]
[PlyCount "45"]
[SourceVersionDate "2020.01.31"]

1. e4 e5 2. Nc3 Nc6 3. f4 exf4 4. Nf3 d6 5. d4 g5 6. h3 g4 7. hxg4 Bxg4 8. Bb5
Qd7 9. d5 f5 10. dxc6 bxc6 11. Bd3 Qe7 12. Qe2 fxe4 13. Qxe4 Qxe4+ 14. Nxe4 d5
15. Nf2 Bxf3 16. gxf3 Bc5 17. Bxf4 Bb4+ 18. Bd2 Bxd2+ 19. Kxd2 O-O-O 20. Rxh7
Rxh7 21. Bxh7 Nf6 22. Bf5+ Kb7 23. Ng4 {loetamatu} 1-0

[Event "Est ch 2020 U12"]
[Site "?"]
[Date "2020.01.25"]
[Round "5.16"]
[White "Hajanen, Oliver"]
[Black "Tsõganov, Jaroslav"]
[Result "1-0"]
[WhiteElo "1173"]
[BlackElo "1046"]
[PlyCount "27"]
[SourceVersionDate "2020.01.31"]

1. e4 c5 2. Nf3 e6 3. d4 cxd4 4. Nxd4 a6 5. Nc3 g6 6. Nf3 Bg7 7. Bd3 Nf6 8. O-O
O-O 9. Bg5 b5 10. e5 Bb7 11. exf6 Bxf6 12. Bxf6 Qxf6 13. Be4 Bc6 14. Re1 {
ning must tegi võimatu käigu Rb8-d6. Valge lõi selle lipuga maha ja võitis.
} 1-0